000 01043nam a2200313Ia 4500
001 Para_9588
003 CHAP
008 220125s2009 xx 000 0 und d
010 _a208260
040 _cCHAP
090 _aTESIS 2248
100 _aDe Luna Valadez, Braulio
_9174585
245 _aAprovechamiento de insectos asociados al maguey verde (Agave salmiana) en el ejido Tolosa de Pinos Zac. /
_c por Braulio De Luna Valadez
260 _aChapingo, Méx. :
_b el autor
300 _a67 h.
502 _aTesis (Ing. Agr. Esp. en Parasitología Agrícola) -- UACh. Departamento Parasitología Agrícola
650 _aAgave
_x plagas
_91086
650 _aEscamoles
_9174586
650 _aGusano blanco del maguey
_951560
650 _aInsectos como alimento
_958954
710 _aUACh. Departamento Parasitología Agrícola
_9164025
901 _aTESIS 2248
902 _aM
905 _a0000002009 anb 0000000000 00
910 _a2009
942 _cPARA
942 _cPARA
_d2
999 _c208260
_d208260